000 00406nam a22001577a 4500
020 _a81-7826-348-3
082 _a823
_bSHA/M
245 _aMUCH ADO ABOUT NOTHING
_bSHORT STORIES
246 _aMUCH ADO ABOUT NOTHING
_bSHORT STORIES
250 _a2003
260 _aDELHI
_bROHAN BOOK COMPANY
_c2003
300 _a222
520 _aCHILDRENS SHORT STORY
650 _aMODERN ILLUSTRATED CLASSICS
942 _cBK
999 _c359
_d359